[Event "Uljanovsk Volga op"]
[Site "Uljanovsk"]
[Date "2014.01.06"]
[Round "8"]
[White "Beldyugin, Alexey"]
[Black "Logunova, Elizaveta"]
[Result "1-0"]
[WhiteElo "2111"]
[BlackElo "1642"]
[PlyCount "85"]
[EventDate "2014.01.03"]
[EventType "swiss"]
[EventRounds "9"]
[EventCountry "RUS"]
[SourceTitle "CBM 158 Extra"]
[Source "ChessBase"]
[SourceDate "2014.02.28"]
[SourceVersion "1"]
[SourceVersionDate "2014.02.28"]
[SourceQuality "1"]

1. Nc3 g6 2. d4 Bg7 3. e4 d6 4. f4 e5 5. dxe5 dxe5 6. Qxd8+ Kxd8 7. Bc4 f5 8. Be3 fxe4 9. 0-0-0+ Nd7 10. Nxe4 b6 11. Ng5 Nh6 12. Ne6+ Ke7 13. Nxg7 Ng4 14. Re1 Kf6 15. Ne6 c5 16. Nc7 Rb8 17. Nd5+ Kg7 18. Nf3 e4 19. Nd2 Ngf6 20. Nxf6 Nxf6 21. h3 h5 22. a4 a5 23. Nb1 Bb7 24. Nc3 Rbd8 25. Rd1 Bc6 26. Rxd8 Rxd8 27. Rd1 Rxd1+ 28. Kxd1 Kf8 29. Be2 Ke7 30. Bf2 Ke6 31. Bh4 e3 32. Bxf6 Kxf6 33. Bf3 Bxf3+ 34. gxf3 Kf5 35. Nd5 g5 36. fxg5 Kxg5 37. Ke2 Kh4 38. Nf4 Kg5 39. Kxe3 Kh4 40. Ke4 Kg5 41. Ke5 Kh4 42. Nxh5 Kxh5 43. f4 1-0

[Event "Uljanovsk Volga op"]
[Site "Uljanovsk"]
[Date "2014.01.03"]
[Round "2"]
[White "Shukurov, Eldar"]
[Black "Beldyugin, Alexey"]
[Result "0-1"]
[WhiteElo "1797"]
[BlackElo "2111"]
[PlyCount "92"]
[EventDate "2014.01.03"]
[EventType "swiss"]
[EventRounds "9"]
[EventCountry "RUS"]
[SourceTitle "CBM 158 Extra"]
[Source "ChessBase"]
[SourceDate "2014.02.28"]
[SourceVersion "1"]
[SourceVersionDate "2014.02.28"]
[SourceQuality "1"]

1. d4 d6 2. e3 e5 3. dxe5 dxe5 4. Qxd8+ Kxd8 5. Bc4 f6 6. Nc3 c6 7. Bd2 Kc7 8. a4 a5 9. Nge2 Nd7 10. Ne4 Nc5 11. Nxc5 Bxc5 12. c3 Ne7 13. b4 Bb6 14. e4 Ng6 15. f4 Nh4 16. Kf1 Rd8 17. Be1 Ng6 18. f5 Nf4 19. Nxf4 exf4 20. Ke2 Be3 21. b5 Bd7 22. Bd3 Be8 23. g4 Bf7 24. c4 Rd7 25. Bc3 Rad8 26. Rhd1 Rxd3 27. Rxd3 Bxc4 28. Rad1 cxb5 29. axb5 Kb6 30. e5 Bc5 31. exf6 gxf6 32. Bxf6 f3+ 33. Kxf3 Rxd3+ 34. Rxd3 Bxd3 35. Bd8+ Kxb5 36. f6 a4 37. h4 a3 38. Be7 Bg6 39. Kf4 a2 40. h5 Bxe7 41. fxe7 Be8 42. Kg5 a1Q 43. Kh6 Qf6+ 44. Kxh7 Qf7+ 45. Kh8 Qxe7 46. h6 Bg6 0-1